00738nam a2200217Ia 4500003000900000008004100009020001800050040001600068080001700084100003000101245008700131260004800218300001300266650004100279650002200320650001500342650002600357942000700383999001500390952011500405IN-BaIIA211028s9999 xx 000 0 eng d a0-86720-018-9 cIIA Library a524.3bBOW-1 aBowers, Richard L.913669 0aAstrophysicsbI, starscRichard L. Bowers  aBostonbJones and Bartlett Publishersc1984 ax, 343p. aAstronomy and astrophysics thesaurus aAstrophysics9794 aStar91183 aStellar systems93271 cBK c8110d8110 00104070aBANbBANcGENd1985-02-21l1o524.3/ BOW-1p8947r2022-05-17s2021-12-08w1985-02-21yBKG£ 19.20